Biblioteca

El continente de siete colores: Historia de la cultura en américa latina / German Arciniegas (Registro nro. 44239)

Detalles MARC
000 -LÍDER
Campo fijo de descripción fija 003820000a22001450004500
020 ## - NÚMERO INTERNACIONAL NORMALIZADO PARA LIBROS
Número Internacional Normalizado del libro 958-24-0019-6
041 0# - CÓDIGO DE IDIOMA
Código de idioma para texto/pista de sonido o título separado
082 04 - NÚMERO DE CLASIFICACIÓN DECIMAL DEWEY
Número de clasificación E 980 A674c
001 - NÚMERO DE CONTROL
Campo de control 17578
100 1# - ASIENTO PRINCIPAL--NOMBRE PERSONAL
Nombre personal Arciniegas, German
245 10 - TÍTULO
Título del Material El continente de siete colores: Historia de la cultura en américa latina / German Arciniegas
260 ## - PUBLICACIÓN, DISTRIBUCIÓN, ETC. (PIE DE IMPRENTA)
Lugar de publicación, distribución, etc. Bogotá : Santillana , 1989
300 ## - DESCRIPCIÓN FÍSICA
Extensión 583 p.
942 ## - TIPO DE MATERIAL (KOHA)
Tipo de Item KOHA Libros General
Existencias
Estado de Material Estado de Perdido Volumen-Parte/Tomo Estado de Dañado No para Préstamo Colección Tomo Biblioteca de Origen Biblioteca Permanente Fecha de Adquisición Total de Préstamos Signatura Topográfica Código de Barras Última vez visto Ejemplar/Existencia Fecha de Remplazo Tipo de Material
          Colección Esendek   Biblioteca FUSBC Biblioteca FUSBC 16/03/2012   E 980 A674c 23151 12/12/2019 1 26/01/2016 Libros General

Biblioteca FUSBC | Teléfono: (57+4) 349 88 10 Ext. 141| WhatsApp (+57) 3005338115 
E-mail: biblioteca@unisbc.edu.co | Calle 76 87-14 Robledo Palenque, Medellín, Colombia

Con tecnología Koha